01123nam a2200193Ia 4500001001100000003001000011008004100021040002500062041001300087100002000100245004800120250001100168260006200179300002800241500026200269501011400531520026200645650002200907A900-35483IT-CnALBA170116s9999||||xx |||||||||||||| ||und|| aIT-CnALBAcIT-CnALBA aITALIANO aHARDION GIACOMO 0aSTORIA UNIVERSALE SACRA E PROFANA. TOMO I.' a1a ed. aTORINObREGIA TYPOGRAPHIA OFFICINA. c1759 [1° Ed.:1759] a388 p. (prefazione: 16) aTRE LIBRI. PREFAZIONE. CREAZIONE DEL MONDO. I PATRIARCHI. ABRAMO NOE SEM CAM JAFET. TEMPO PRIMA DI CRISTO. EGITTO. GRECIA. MOSÈ E IL FARAONE. ISRAELE NEL DESERTO. TRADUZIONE DAL FRANCESE IN ITALIANO. DEDICA ALLA PRINCIPESSA ADELAIDE. GIUDIZI DELLA STAMPA  aSocietà San Paolo EM - Piazza San Paolo, 14 - 12051 ALBA (CN) (non commercial uses only) ® Copyright 2017 aTRE LIBRI. PREFAZIONE. CREAZIONE DEL MONDO. I PATRIARCHI. ABRAMO NOE SEM CAM JAFET. TEMPO PRIMA DI CRISTO. EGITTO. GRECIA. MOSÈ E IL FARAONE. ISRAELE NEL DESERTO. TRADUZIONE DAL FRANCESE IN ITALIANO. DEDICA ALLA PRINCIPESSA ADELAIDE. GIUDIZI DELLA STAMPA  aSTORIA UNIVERSALE